<?xml version="1.0" encoding="UTF-8"?>
<collection xmlns="http://www.loc.gov/MARC21/slim">
 <record>
  <leader>01623nam a2200229Ia 4500</leader>
  <controlfield tag="001">CTU_186344</controlfield>
  <controlfield tag="008">210402s9999    xx            000 0 und d</controlfield>
  <datafield tag="020" ind1=" " ind2=" ">
   <subfield code="c">101.6</subfield>
  </datafield>
  <datafield tag="082" ind1=" " ind2=" ">
   <subfield code="a">303.48</subfield>
  </datafield>
  <datafield tag="082" ind1=" " ind2=" ">
   <subfield code="b">B273</subfield>
  </datafield>
  <datafield tag="100" ind1=" " ind2=" ">
   <subfield code="a">Barreto, Amílcar Antonio.</subfield>
  </datafield>
  <datafield tag="245" ind1=" " ind2="0">
   <subfield code="a">Language, elites, and the state :</subfield>
  </datafield>
  <datafield tag="245" ind1=" " ind2="0">
   <subfield code="b">Nationalism in Puerto Rico and Quebec</subfield>
  </datafield>
  <datafield tag="245" ind1=" " ind2="0">
   <subfield code="c">Amílcar A. Barreto</subfield>
  </datafield>
  <datafield tag="260" ind1=" " ind2=" ">
   <subfield code="a">Westport, Conn.</subfield>
  </datafield>
  <datafield tag="260" ind1=" " ind2=" ">
   <subfield code="b">Praeger</subfield>
  </datafield>
  <datafield tag="260" ind1=" " ind2=" ">
   <subfield code="c">1998</subfield>
  </datafield>
  <datafield tag="520" ind1=" " ind2=" ">
   <subfield code="a">A common premise in ethnic conflict studies is that nationalism is caused by cultural traits, such as language or religion, or is a result of a region's subservient economic role vis-à-vis the country's core. However, Barreto contends that Puerto Rican and Québécois elites turned to nationalism in reaction to their social marginalization and economic suppression. Anglophone elites in the U.S. and Canada established a hegemonic order making English a requirement for social and economic ascendancy. Shunned by the country's dominant group on account of their language, elites in Puerto Rico and Quebec took up the banner of nationalism attempting to establish a counter-hegemonic order. Thus, nationalism, Barreto contends, is an unanticipated reaction to the exclusionary attitudes and policies of one group against another. This analysis is important to political scientists, social scientists, and researchers involved with nationalism, ethnic conflict, and Puerto Rican and Canadian studies.</subfield>
  </datafield>
  <datafield tag="650" ind1=" " ind2=" ">
   <subfield code="a">Nationalism,Dân tộc</subfield>
  </datafield>
  <datafield tag="650" ind1=" " ind2=" ">
   <subfield code="x">History</subfield>
  </datafield>
  <datafield tag="904" ind1=" " ind2=" ">
   <subfield code="i">Trúc</subfield>
  </datafield>
  <datafield tag="980" ind1=" " ind2=" ">
   <subfield code="a">Trung tâm Học liệu Trường Đại học Cần Thơ</subfield>
  </datafield>
 </record>
</collection>
